Katie Morag Delivers the mail / (Record no. 37399)
| 000 -LEADER | |
|---|---|
| fixed length control field | 00352nam a22001217a 4500 |
| 008 - FIXED-LENGTH DATA ELEMENTS--GENERAL INFORMATION | |
| fixed length control field | 180219b xxu||||| |||| 00| 0 eng d |
| 020 ## - INTERNATIONAL STANDARD BOOK NUMBER | |
| International Standard Book Number | 0099220725 |
| 100 ## - MAIN ENTRY--PERSONAL NAME | |
| Personal name | Hedderwick, Mairi |
| 9 (RLIN) | 54411 |
| 245 ## - TITLE STATEMENT | |
| Title | Katie Morag Delivers the mail / |
| Statement of responsibility, etc | Mairi Hedderwick |
| 260 ## - PUBLICATION, DISTRIBUTION, ETC. (IMPRINT) | |
| Place of publication, distribution, etc | London |
| Name of publisher, distributor, etc | Rex Fox |
| Date of publication, distribution, etc | c1997 |
| 300 ## - PHYSICAL DESCRIPTION | |
| Extent | 28p. |
| Other physical details | col. ill. |
| Dimensions | 20 x 27 cm. |
| 942 ## - ADDED ENTRY ELEMENTS (KOHA) | |
| Source of classification or shelving scheme | |
| Item type | Book |
| Withdrawn status | Lost status | Source of classification or shelving scheme | Damaged status | Not for loan | Home library | Current library | Date acquired | Total Checkouts | Full call number | Barcode | Date last seen | Date last borrowed | Price effective from | Koha item type |
|---|---|---|---|---|---|---|---|---|---|---|---|---|---|---|
| Asian Hope Primary Library | Asian Hope Primary Library | 02/19/2018 | 4 | E HED | 91160 | 02/04/2026 | 01/28/2026 | 02/19/2018 | Book |